000 00668nam a2200289Ia 4500
005 20260324142907.0
008 008 260324s9999 xx 000 0 eng d
020 _a9781315792873
037 _aEBOOK
040 _aCRL
040 _beng
040 _cCRL
041 _2eng
041 _aeng
084 _qCRL
100 _aCraig Everett
_91207071
245 4 _aThe Stepfamily Puzzle
245 0 _bIntergenerational Influences
260 _bTaylor and Francis
260 _c1993
365 _a
365 _b145
856 _uhttp://www.taylorfrancis.com/books/9781315792873
942 _cEBOOK
999 _c1818378
_d1818378